| 000 | 00478nam a22001697a 4500 | ||
|---|---|---|---|
| 003 | NUST - PNEC | ||
| 005 | 20170116181010.0 | ||
| 008 | 150913b xxu||||| |||| 00| 0 eng d | ||
| 020 | _a0890061823 | ||
| 040 | _cLIBRARY | ||
| 082 | _a623.734 HUG | ||
| 100 |
_910126 _aHughes, Richard S. |
||
| 245 |
_aLogarithmic amplification : with application to radar and EW _cRichard S. Hughes |
||
| 260 | _cc.1986 | ||
| 650 |
_910129 _aLogarithmic amplifiers _xEE, MIS |
||
| 942 |
_2ddc _cBK |
||
| 999 |
_c67061 _d67061 |
||